Pietre preziose - Statistics

Statistiche generali
  • Questo quiz è stato fatto 159 volte
  • Il punteggio medio è 7 su 14
Statistiche sulle risposte
Hint Risposta % Corretto
R Rubino
94%
D Diamante
92%
S Smeraldo
79%
Q Quarzo
64%
Am Ametista
63%
Am Ambra
45%
Ti Topazio
45%
O Opale
43%
Z Zircone
38%
Ze Zeffiro
35%
G Giada
30%
L Lapislazzuli
30%
Tu Turchese
29%
Ag Agata
24%
Nessun quiz corrispondente trovato
Distribuzione punteggi
Percentuale di utenti per punteggio
Percentile per numero di risposta
I tuoi punteggi nel tempo
Non hai fatto questo quiz